| 000 | 00780nam a22002417a 4500 | ||
|---|---|---|---|
| 999 |
_c13185 _d13185 |
||
| 003 | MIRAKIL | ||
| 005 | 20190419120734.0 | ||
| 008 | 190419b tu ||||| |||| 00| 0 tur d | ||
| 020 | _a9786052953174 | ||
| 040 |
_aTR-AnCHP _cTR-AnCHP |
||
| 041 | _atur | ||
| 082 |
_a950.12 _bO74t 2018 |
||
| 100 | _aOtkan, Pulat | ||
| 245 | 1 | 0 |
_aTarihçinin kayıtları'na ( Shi Ji) göre Hunlar / _bPulat Otkan. |
| 250 | _a2. bs. | ||
| 260 |
_aİstanbul : _b Türkiye İş Bankası Kültür Yayınları, _c2018. |
||
| 300 |
_avııı, 172 s.: _btbl.; _c23 sm. |
||
| 490 | 0 |
_a Türkiye İş Bankası Kültür Yayınları; _vGenel yayın : 4057. |
|
| 504 | _aKaynakça ve dizin vardır. | ||
| 650 | 0 |
_95654 _aHun İmparatorluğu _xTarih |
|
| 650 | 0 |
_95655 _aHunlar _xTarih |
|
| 942 |
_2ddc _cBKS |
||